[Event "9th Ugra Governor's Cup"]
[Site "Khanty-Mansiysk RUS"]
[Date "2013.11.29"]
[Round "2.10"]
[White "Khismatullin, D"]
[Black "Oparin, G"]
[Result "1-0"]
[WhiteElo "2674"]
[BlackElo "2520"]
[EventDate "2013.11.28"]

1. d4 d5 2. c4 e6 3. Nc3 Be7 4. cxd5 exd5 5. Bf4 c6 6. e3 Bf5 7. h3 Nd7 8.
 Nf3 Ngf6 9. g4 Bg6 10. Nh4 Be4 11. Rg1 h6 12. Nf5 g5 13. Nd6+ Kf8 14. Bg3
Bg6 15. Nxb7 Qb6 16. Qb3 Ne8 17. f3 f5 18. gxf5 Bxf5 19. e4 Be6 20. O-O-O 
Rh7 21. f4 Qxb3 22. axb3 dxe4 23. Bc4 Bxh3 24. Na5 Nd6 25. Nxc6 Rc8 26. 
Nxa7 Rc7 27. Nab5 Nxb5 28. Nxb5 Rc8 29. fxg5 Bxg5+ 30. Kc2 Nb6 31. Nd6 
Rcc7 32. Rde1 Rhe7 33. Be5 Nxc4 34. bxc4 e3 35. Kc3 Rc6 36. b4 Ra6 37. b5 
Ra3+ 38. Kb4 Rea7 39. b6 R7a4+ 40. Kc5 Rb3 41. b7 Be7 42. Bg7+ 1-0

[Event "9th Ugra Governor's Cup"]
[Site "Khanty-Mansiysk RUS"]
[Date "2013.11.30"]
[Round "3.3"]
[White "Lysyj, I"]
[Black "Shariyazdanov, A"]
[Result "1/2-1/2"]
[WhiteElo "2666"]
[BlackElo "2572"]
[EventDate "2013.11.28"]

1. d4 Nf6 2. c4 e6 3. Nc3 d5 4. Nf3 Nbd7 5. cxd5 exd5 6. Bg5 c6 7. e3 Be7 
8. Bd3 O-O 9. O-O Re8 10. Qc2 Nf8 11. Rab1 a5 12. a3 Ng6 13. b4 Bd6 14. 
Rfe1 Bg4 15. Nh4 axb4 16. axb4 Ra3 17. Nxg6 hxg6 18. Qb2 Ra7 19. b5 Bd7 
20. g3 Bh3 21. Qc2 Ra3 22. Rb3 Rxb3 23. Qxb3 Qd7 24. Bxf6 gxf6 25. Ra1 Kg7
26. Ra7 Rc8 27. Ra1 Rh8 28. bxc6 bxc6 29. Qc2 c5 30. dxc5 Bxc5 31. Ne2 Bd6
32. Nd4 Be5 33. Bb5 Qg4 34. Be2 Qe4 35. Qxe4 dxe4 36. Rd1 Bxd4 37. Rxd4 
Rb8 38. Rd1 Rb2 39. Bf1 Bxf1 40. Kxf1 f5 1/2-1/2

[Event "9th Ugra Governor's Cup"]
[Site "Khanty-Mansiysk RUS"]
[Date "2013.12.04"]
[Round "7.6"]
[White "Sjugirov, S"]
[Black "Pridorozhni, A"]
[Result "1-0"]
[WhiteElo "2641"]
[BlackElo "2517"]
[EventDate "2013.11.28"]

1. d4 d5 2. c4 c6 3. Nf3 Nf6 4. Nc3 e6 5. Bg5 Nbd7 6. e3 Qa5 7. cxd5 exd5 
8. Bd3 Ne4 9. O-O Nxg5 10. Nxg5 Nf6 11. e4 h6 12. Nf3 dxe4 13. Nxe4 Nxe4 
14. Bxe4 Bd6 15. d5 c5 16. Bc2 O-O 17. Qd3 f5 18. Rfe1 Qc7 19. Bb3 Kh7 20.
 Qc4 Bd7 21. Ba4 Rae8 22. Bxd7 Rxe1+ 23. Rxe1 Qxd7 24. Re6 Re8 25. Nh4 Qf7
26. g4 Bf8 27. Nxf5 g6 28. Ne3 Bg7 29. Rxe8 Qxe8 30. Qxc5 Qe5 31. b3 a6 
32. Qc8 Qa1+ 33. Kg2 Qd4 34. Qe6 Be5 35. Qf7+ Kh8 36. Qxg6 Bf4 37. Qe8+ 
Kh7 38. Qd7+ Kg6 39. Qe6+ Kh7 40. Nf5 1-0

[Event "ACP Cup 2013"]
[Site "Riga LAT"]
[Date "2013.09.15"]
[Round "3.2"]
[White "Nepomniachtchi, I"]
[Black "Ponomariov, R"]
[Result "1-0"]
[WhiteElo "2717"]
[BlackElo "2756"]
[EventDate "2013.09.13"]

1. c4 e6 2. Nc3 d5 3. d4 Be7 4. cxd5 exd5 5. Bf4 c6 6. e3 Bf5 7. g4 Be6 8.
 h4 Nd7 9. g5 h6 10. g6 Ngf6 11. gxf7+ Bxf7 12. Bd3 Ne4 13. Bxe4 dxe4 14. 
Nge2 O-O 15. Qc2 Nf6 16. Rg1 Kh8 17. Be5 Qa5 18. Nf4 Bb4 19. Bxf6 gxf6 20.
 Qxe4 Rg8 21. Rxg8+ Rxg8 22. Kd2 f5 23. Qf3 Bc4 24. Qh5 Kh7 25. d5 Bxd5 
26. Qxf5+ Kh8 27. Ng6+ Kg7 28. Ne7 Bxc3+ 29. bxc3 Rd8 30. Qe5+ Kf7 31. Nf5
Rd7 32. Nd6+ Kf8 33. Qe8+ 1-0

[Event "Asian Zone 3.3"]
[Site "Tagaytay City PHI"]
[Date "2013.01.26"]
[Round "6.1"]
[White "Megaranto, S"]
[Black "So, W"]
[Result "1/2-1/2"]
[WhiteElo "2529"]
[BlackElo "2682"]
[EventDate "2013.01.22"]

1. d4 Nf6 2. Nf3 d5 3. c4 c6 4. Nc3 e6 5. Bg5 Nbd7 6. cxd5 exd5 7. e3 Be7 
8. Bd3 Nf8 9. Qc2 Ne6 10. Bh4 g6 11. O-O O-O 12. Rab1 Ng7 13. b4 a6 14. a4
Bf5 15. b5 axb5 16. axb5 Bxd3 17. Qxd3 Nf5 18. Bxf6 Bxf6 19. bxc6 bxc6 20.
 Qc2 Qa5 21. Ne2 Rfc8 22. Rfc1 Nd6 23. Nd2 Nb5 24. Qd1 Be7 25. Ra1 Ba3 26.
 Rc2 Qb6 27. Rca2 Qb7 28. Qb3 Bd6 29. g3 Rxa2 30. Rxa2 Ra8 31. Rxa8+ Qxa8 
32. Kg2 Qa5 33. Nf3 Qa3 34. Qc2 Qa6 35. Nc1 Na3 36. Qd1 Nc4 37. Qe2 c5 38.
 Qd3 Qb6 39. Ne2 cxd4 40. Nfxd4 Qc5 41. Qb3 Nd2 42. Qb5 Ne4 43. Qe8+ Bf8 
44. Nf4 Nf6 45. Qe5 Qd6 46. Qxd6 Bxd6 47. Nd3 Kf8 48. h3 h5 49. f4 Ne4 50.
 g4 hxg4 51. hxg4 Bc5 1/2-1/2

[Event "Baku Open 2013"]
[Site "Baku AZE"]
[Date "2013.09.20"]
[Round "2.5"]
[White "Khismatullin, D"]
[Black "Mirzoev, A"]
[Result "1-0"]
[WhiteElo "2661"]
[BlackElo "2544"]
[EventDate "2013.09.19"]

1. c4 e6 2. d4 d5 3. Nc3 Nf6 4. cxd5 exd5 5. Bg5 c6 6. e3 Be7 7. Bd3 Nbd7 
8. Nf3 Nh5 9. Bxe7 Qxe7 10. O-O O-O 11. Qb1 g6 12. b4 Ndf6 13. b5 c5 14. 
dxc5 Qxc5 15. Rc1 Qe7 16. Qb3 Be6 17. Nd4 Rfc8 18. Rc2 Qd6 19. h3 Ng7 20. 
Rac1 Bd7 21. Nce2 Rxc2 22. Rxc2 Rc8 23. Rxc8+ Bxc8 24. Qc3 Bd7 25. Qa5 Qb8
26. Qa3 Nge8 27. Nf4 b6 28. Be2 Nd6 29. Qb3 Qb7 30. Bf3 Nde4 31. a4 Nc5 
32. Qa2 Be6 33. Nc6 Qc7 34. Qa1 Nfe4 35. Bxe4 dxe4 36. Qf6 Qd7 37. Ne7+ 
Kf8 38. Nfxg6+ hxg6 39. Nxg6+ 1-0

[Event "Breisacher Memorial"]
[Site "Biel SUI"]
[Date "2013.07.25"]
[Round "4.3"]
[White "Moiseenko, A1"]
[Black "Bacrot, E"]
[Result "1/2-1/2"]
[WhiteElo "2699"]
[BlackElo "2714"]
[EventDate "2012.07.22"]

1. d4 d5 2. c4 e6 3. Nc3 Be7 4. cxd5 exd5 5. Bf4 c6 6. e3 Bf5 7. Nge2 Nd7 
8. Rc1 h5 9. Ng3 Bg6 10. h4 Bxh4 11. Qb3 Bxg3 12. Bxg3 Qb6 13. Qa3 Ne7 14.
 Be2 a5 15. Bd6 Nc8 16. Na4 Qd8 17. Bf4 Qe7 18. Nc5 Nxc5 19. Rxc5 a4 20. 
Qc3 Qe4 21. Rxc6 O-O 22. Rc7 Qxg2 23. Rh2 Qg1+ 24. Bf1 Qg4 25. Bh3 Qg1+ 
26. Bf1 Qg4 27. Bh3 Qg1+ 28. Ke2 Nb6 29. Qc5 Bd3+ 30. Kxd3 Qd1+ 31. Kc3 
Qc1+ 32. Kd3 Qd1+ 33. Kc3 Qc1+ 34. Kd3 Qd1+ 1/2-1/2

[Event "Cez Trophy 2013"]
[Site "Prague CZE"]
[Date "2013.06.12"]
[Round "2"]
[White "Navara, D"]
[Black "Hou Yifan"]
[Result "1/2-1/2"]
[WhiteElo "2707"]
[BlackElo "2595"]
[EventDate "2013.06.11"]

1. d4 d5 2. c4 e6 3. Nc3 Bb4 4. cxd5 exd5 5. Bf4 c6 6. e3 Ne7 7. Qb3 Bd6 
8. Bxd6 Qxd6 9. Bd3 b6 10. Nf3 Ba6 11. Bxa6 Nxa6 12. O-O O-O 13. Rac1 Nc7 
14. Rfe1 Ne6 15. Qa4 Rac8 16. b4 Rc7 17. Rc2 Rfc8 18. Rec1 h6 19. Ne5 Nf5 
20. Nd3 Ng5 21. Qb3 Ne6 22. Qb1 Qd8 23. a4 Qg5 24. Ne2 Nd6 25. Ne5 c5 26. 
Nf3 Qd8 27. dxc5 bxc5 28. b5 Nc4 29. Qa1 Rd7 30. Ne5 Nxe5 31. Qxe5 d4 32. 
exd4 Nxd4 33. Nxd4 Rxd4 34. h3 Rxa4 35. Rxc5 Rxc5 36. Rxc5 Rd4 37. Kh2 Rd7
38. Qf4 Qf8 39. Rc6 Qe7 40. Rc8+ Rd8 41. Qc7 1/2-1/2

[Event "Chigorin Memorial"]
[Site "St Petersburg RUS"]
[Date "2013.10.13"]
[Round "9.16"]
[White "Ponkratov, P"]
[Black "Can, E"]
[Result "1-0"]
[WhiteElo "2618"]
[BlackElo "2513"]
[EventDate "2013.10.05"]

1. d4 d5 2. c4 e6 3. Nc3 Nf6 4. cxd5 exd5 5. Bg5 Nbd7 6. e3 Be7 7. Bd3 c6 
8. Qc2 O-O 9. Nge2 Re8 10. O-O Nf8 11. Bxf6 Bxf6 12. b4 a6 13. a4 Bg4 14. 
b5 axb5 15. axb5 Rxa1 16. Rxa1 c5 17. dxc5 Bxe2 18. Bxe2 d4 19. Rd1 dxc3 
20. Rxd8 Rxd8 21. c6 bxc6 22. bxc6 Ne6 23. Bf3 Rd2 24. Qc1 g6 25. g3 Kg7 
26. Kg2 Rb2 27. Qf1 Rb4 28. Qd3 Ra4 29. Bd1 Ra5 30. Qd7 Rc5 31. Bb3 c2 32.
 Bxe6 c1=Q 33. Qxf7+ Kh6 34. Qxf6 Rg5 35. Qf8+ Kh5 36. g4+ Kh4 37. Qf3 Rc5
38. Qg3+ Kg5 39. Qf4+ 1-0

[Event "FIDE World Blitz 2013"]
[Site "Khanty-Mansiysk RUS"]
[Date "2013.06.10"]
[Round "19.6"]
[White "Nguyen Ngoc Truong Son"]
[Black "Andreikin, D"]
[Result "1/2-1/2"]
[WhiteElo "2625"]
[BlackElo "2713"]
[EventDate "2013.06.09"]

1. d4 Nf6 2. c4 e6 3. Nc3 d5 4. cxd5 exd5 5. Bg5 c6 6. Qc2 Be7 7. e3 Nh5 
8. Bxe7 Kxe7 9. Bd3 Nf6 10. Nf3 Re8 11. O-O-O Bg4 12. Rdg1 Bxf3 13. gxf3 
g6 14. f4 Qd6 15. Kb1 Nbd7 16. h4 Kd8 17. f5 a6 18. fxg6 hxg6 19. Be2 Rh8 
20. h5 gxh5 21. Qf5 Qe6 22. Qf4 Ke7 23. Rg5 Rag8 24. a3 Rxg5 25. Qxg5 Rg8 
26. Qf4 Ne4 27. Nxe4 Qxe4+ 28. Qxe4+ dxe4 29. Rxh5 Rg6 30. Rh4 f5 31. Rf4 
Rf6 32. Bf1 Kf7 33. f3 exf3 34. Rxf3 Nb6 35. Bd3 Nd5 36. Rxf5 Nxe3 37. Rh5
Ke7 38. Rh8 Nd5 39. Bc4 Kd7 40. Bxd5 cxd5 41. Kc2 Kc6 42. Rc8+ Kb6 43. Rc5
Rf5 44. b4 Ka7 45. a4 b6 46. Rc6 Kb7 47. Rd6 Kc7 48. Re6 Rf2+ 49. Kd3 Ra2 
50. a5 bxa5 51. bxa5 Ra3+ 52. Kc2 Rxa5 53. Kb3 Rb5+ 54. Ka4 Rb6 55. Re5 
Rd6 56. Kb4 Kb6 57. Re8 a5+ 58. Kb3 Kb5 59. Rb8+ Rb6 60. Rd8 Rb7 61. Rd6 
a4+ 62. Kc3 Rc7+ 63. Kd3 a3 64. Rxd5+ Kb4 65. Rd8 a2 66. Ra8 Kb3 67. Ke4 
Rc4 68. Rxa2 Kxa2 69. Ke5 Kb3 70. d5 Kb4 71. d6 Rc1 72. d7 Rd1 73. Ke6 Kc5
74. Ke7 Re1+ 75. Kf8 Rf1+ 76. Ke8 Re1+ 77. Kf8 Rd1 78. Ke8 Rxd7 79. Kxd7 
1/2-1/2

[Event "FIDE World Blitz 2013"]
[Site "Khanty-Mansiysk RUS"]
[Date "2013.06.10"]
[Round "22.9"]
[White "Moiseenko, A1"]
[Black "Andreikin, D"]
[Result "0-1"]
[WhiteElo "2711"]
[BlackElo "2713"]
[EventDate "2013.06.09"]

1. d4 Nf6 2. c4 e6 3. Nc3 d5 4. cxd5 exd5 5. Bg5 c6 6. e3 Bf5 7. Qf3 Bg6 
8. Bxf6 Qxf6 9. Qxf6 gxf6 10. h4 h6 11. Kd2 Nd7 12. Bd3 Bxd3 13. Kxd3 f5 
14. Nge2 Rg8 15. g3 a5 16. Rac1 Bd6 17. Na4 Nf6 18. Nc5 Ra7 19. Rhf1 Ne4 
20. Ng1 Ke7 21. Nf3 a4 22. Ke2 Bxc5 23. dxc5 Ra5 24. Nd4 Kf6 25. b4 axb3 
26. axb3 Nxc5 27. Rc2 Ne6 28. Nf3 Rga8 29. Rb1 Rb5 30. b4 Ra4 31. Rcb2 Ra3
32. Ne1 d4 33. Rb3 Rxb3 34. Rxb3 c5 35. Kd3 dxe3 36. fxe3 Rxb4 37. Rxb4 
cxb4 38. Kc4 Ke5 39. Nd3+ Ke4 40. Nxb4 Kxe3 41. Nd5+ Kf3 42. Ne7 Ng7 43. 
Ng8 h5 44. Nh6 Kxg3 45. Kd3 Kxh4 46. Ke2 Kg3 47. Nxf7 h4 48. Kf1 h3 49. 
Kg1 b5 50. Nd6 b4 51. Nc4 b3 52. Kh1 f4 53. Kg1 Nf5 54. Kh1 Nd4 55. Kg1 f3
56. Kh1 f2 57. Nd2 b2 58. Nf1+ Kf4 0-1

[Event "FIDE World Blitz 2013"]
[Site "Khanty-Mansiysk RUS"]
[Date "2013.06.10"]
[Round "30.10"]
[White "Vitiugov, N"]
[Black "Grachev, B"]
[Result "0-1"]
[WhiteElo "2734"]
[BlackElo "2683"]
[EventDate "2013.06.09"]

1. d4 d5 2. c4 e6 3. Nc3 Nf6 4. cxd5 exd5 5. Bg5 c6 6. e3 Bf5 7. Qf3 Bg6 
8. Bxf6 Qxf6 9. Qxf6 gxf6 10. Nf3 Nd7 11. Nh4 Be7 12. f4 f5 13. Nf3 Nb6 
14. Bd3 a5 15. a4 Nc8 16. Ne2 Nd6 17. Ng3 Kd7 18. O-O Ke6 19. Rfe1 h6 20. 
Ne5 Ra7 21. Rec1 Raa8 22. Nf1 Ne4 23. Rc2 Bh7 24. Nd2 f6 25. Nef3 Bb4 26. 
Nb3 Kf7 27. Nc5 Rab8 28. Kf1 Rhg8 29. g3 Bg6 30. Nh4 Rge8 31. Be2 Nxc5 32.
 dxc5 Rxe3 33. Rd1 Rbe8 34. Bd3 Bh5 35. Rdd2 Bxd2 36. Rxd2 Rxd3 0-1

[Event "French Top 12 2013"]
[Site "Haguenau FRA"]
[Date "2013.06.01"]
[Round "3.1"]
[White "Wojtaszek, R"]
[Black "Landa, K"]
[Result "1/2-1/2"]
[WhiteElo "2701"]
[BlackElo "2644"]
[EventDate "2013.05.30"]

1. d4 d5 2. c4 e6 3. Nc3 Nf6 4. cxd5 exd5 5. Bg5 c6 6. Qc2 Be7 7. e3 Nbd7 
8. Bd3 Nh5 9. Bxe7 Qxe7 10. O-O-O Nb6 11. h3 g6 12. Nf3 Ng7 13. g4 Bd7 14.
 Kb1 O-O-O 15. Rc1 Kb8 16. Ka1 Ne8 17. Ne2 Nd6 18. Ng3 Rhe8 19. g5 Be6 20.
 h4 Nd7 21. Nd2 Rc8 22. Nb3 Bg4 23. Be2 Bxe2 24. Qxe2 Ne4 1/2-1/2

[Event "French Top 12 2013"]
[Site "Haguenau FRA"]
[Date "2013.06.07"]
[Round "9.3"]
[White "Vaisser, A"]
[Black "Buhmann, R"]
[Result "1/2-1/2"]
[WhiteElo "2548"]
[BlackElo "2578"]
[EventDate "2013.05.30"]

1. d4 d5 2. Bf4 Nf6 3. e3 e6 4. Nd2 c5 5. c3 Nc6 6. Ngf3 Bd6 7. Bg3 O-O 8.
 Bd3 Re8 9. Ne5 cxd4 10. exd4 Bxe5 11. dxe5 Nd7 12. Nf3 f6 13. exf6 gxf6 
14. Qc2 Qe7 15. O-O Nc5 16. Rad1 Qf7 17. b4 Nxd3 18. Qxd3 Ne7 19. Rfe1 Bd7
20. Nh4 Rac8 21. f4 b6 22. Bf2 Rc4 23. Qxc4 dxc4 24. Rxd7 Qf8 25. Rxa7 Nd5
26. Bd4 Nxf4 27. Bxb6 Nd5 28. Bc5 Qh6 29. Nf5 Qd2 30. Bf2 Nxb4 31. cxb4 
1/2-1/2

[Event "Lake Sevan 2013"]
[Site "Martuni ARM"]
[Date "2013.09.09"]
[Round "2.2"]
[White "Grigoryan, K2"]
[Black "Kuzubov, Y"]
[Result "1-0"]
[WhiteElo "2563"]
[BlackElo "2628"]
[EventDate "2013.09.08"]

1. d4 Nf6 2. c4 e6 3. Nc3 d5 4. cxd5 exd5 5. Bg5 c6 6. Qc2 Be7 7. e3 Nbd7 
8. Bd3 Nf8 9. Nf3 g6 10. Ne5 Ne6 11. Bh4 O-O 12. O-O Ng7 13. f3 Bf5 14. 
Bf2 Nd7 15. Bxf5 Nxf5 16. Rad1 Ng7 17. e4 dxe4 18. Nxd7 Qxd7 19. fxe4 Rad8
20. d5 Qc7 21. Qa4 Bd6 22. g3 a5 23. Rc1 Rfe8 24. dxc6 Qxc6 25. Qxa5 Be5 
26. Nd5 Qe6 27. Qb4 Qh3 28. Rc2 Ne6 29. Bb6 Rd7 30. Qa4 Ng5 31. Rd2 Kg7 
32. Nf4 Rxd2 33. Nxh3 Nxh3+ 34. Kh1 Re6 35. Be3 Rd3 36. Qa7 h6 37. Qxb7 
Bf6 38. e5 Be7 39. Bc5 Kf8 40. Bxe7+ Rxe7 41. Qc8+ 1-0

[Event "PanAm Intercollegiate 2013"]
[Site "Lubbock USA"]
[Date "2013.12.29"]
[Round "4.1"]
[White "Steingrimsson, H"]
[Black "Meier, Geo"]
[Result "1/2-1/2"]
[WhiteElo "2544"]
[BlackElo "2619"]
[EventDate "2013.12.27"]

1. c4 e6 2. Nc3 d5 3. d4 Nf6 4. cxd5 exd5 5. Bg5 c6 6. e3 Bf5 7. Qf3 Bg6 
8. Bxf6 Qxf6 9. Qxf6 gxf6 10. h4 Nd7 11. Nge2 Bd6 12. f3 h5 13. Kf2 Kf8 
14. g3 Nb6 15. Nf4 Kg7 16. Be2 Rae8 17. Rag1 a5 18. a4 Re7 19. g4 Bxf4 20.
 exf4 hxg4 21. fxg4 Bc2 22. Bd1 Bxd1 23. Rxd1 Nc4 24. b3 Ne3 25. Rdg1 Nc2 
26. Ne2 Re4 27. Rd1 Ne3 28. Rdg1 Rhe8 29. Kf3 Nf1 30. Rxf1 Re3+ 31. Kg2 
Rxe2+ 32. Kg3 Rd2 33. Rf3 Rxd4 34. h5 Rd2 35. g5 f5 36. Rhf1 Re4 37. R1f2 
Rxf2 38. Rxf2 d4 39. Rf1 b6 40. Rf2 f6 41. g6 Kh6 42. Rh2 Re3+ 43. Kh4 Rf3
44. Rg2 Rxf4+ 45. Kh3 Rg4 46. Rxg4 fxg4+ 47. Kxg4 Kg7 48. Kf5 d3 49. h6+ 
Kxh6 50. Kxf6 d2 51. g7 d1=Q 52. g8=Q Qd4+ 53. Kf5 Qc5+ 54. Kf6 Qc3+ 55. 
Kf5 Qc5+ 56. Kf6 Qc3+ 57. Kf5 Qc5+ 1/2-1/2

[Event "Russian Cup Final 2013"]
[Site "Khanty-Mansiysk RUS"]
[Date "2013.12.14"]
[Round "2.1"]
[White "Khismatullin, D"]
[Black "Savchenko, B"]
[Result "1-0"]
[WhiteElo "2674"]
[BlackElo "2602"]
[EventDate "2013.12.12"]

1. d4 e6 2. c4 Nf6 3. Nc3 d5 4. Nf3 Nbd7 5. Bg5 c6 6. cxd5 exd5 7. e3 Be7 
8. Bd3 Nf8 9. O-O Bg4 10. h3 Bh5 11. Bxf6 Bxf6 12. e4 Ne6 13. exd5 cxd5 
14. Qa4+ Kf8 15. Ne5 Nf4 16. Rfe1 g5 17. Bf1 Kg7 18. g3 Ne6 19. Bg2 Qb6 
20. Nd7 Qxd4 21. Nxf6 Qxf6 22. Nxd5 Qxb2 23. Rab1 Qd4 24. Rb4 Qd2 25. Rxe6
fxe6 26. Rxb7+ Kh6 27. Qd7 Rag8 28. Qxe6+ Bg6 29. Qf6 1-0

[Event "Russian Cup Final 2013"]
[Site "Khanty-Mansiysk RUS"]
[Date "2013.12.15"]
[Round "2.3"]
[White "Khismatullin, D"]
[Black "Savchenko, B"]
[Result "1/2-1/2"]
[WhiteElo "2674"]
[BlackElo "2602"]
[EventDate "2013.12.12"]

1. d4 e6 2. c4 Nf6 3. Nc3 d5 4. cxd5 exd5 5. Bg5 c6 6. e3 Nbd7 7. Bd3 Be7 
8. Nf3 O-O 9. Qc2 Re8 10. h3 Nf8 11. Bf4 Bd6 12. Bxd6 Qxd6 13. O-O Ng6 14.
 Rab1 Be6 15. b4 Rac8 16. Rfc1 Bd7 17. Na4 b6 18. Nc3 Qe7 19. Bf5 Be6 20. 
Qd3 Qd7 21. Bxe6 Rxe6 22. Rc2 h6 23. Rbc1 Qb7 24. a4 Ree8 25. Ne2 Ne4 26. 
Nd2 Nd6 27. Ng3 Ne7 28. Nb3 g6 29. Ne2 Nef5 30. Nf4 Kg7 31. Nd2 a6 32. Rc3
b5 33. Ra1 Nc4 34. Nb3 Qb8 35. Nh5+ Kf8 36. Nf6 Re7 37. Nc5 Qd6 38. Ng4 h5
39. Nh2 bxa4 40. e4 Ng7 41. Nf3 a3 42. Rxc4 dxc4 43. Qxc4 Ne6 44. Rxa3 
Nxc5 45. bxc5 Qf4 46. e5 Rb8 47. g3 Qf5 48. Kg2 Rb2 49. Rxa6 Qe4 50. Qc1 
Rb8 51. Qh6+ Kg8 52. Ra3 Qd5 53. g4 hxg4 54. hxg4 Reb7 55. Re3 Rb3 56. e6 
Rxe3 57. exf7+ Qxf7 58. Qxe3 Qd5 59. Qh6 Qe4 60. Kg3 Rb3 61. Qf4 Qd5 62. 
Qf6 Qe4 63. Qf4 Qd5 64. Qf6 Qe4 65. d5 Qxd5 66. Qxg6+ Kf8 67. Qf6+ Ke8 68.
 g5 Rxf3+ 69. Qxf3 Qxg5+ 1/2-1/2

[Event "SportAccord Blitz Women 2013"]
[Site "Beijing CHN"]
[Date "2013.12.14"]
[Round "4.6"]
[White "Ushenina, A"]
[Black "Gunina, V"]
[Result "0-1"]
[WhiteElo "2501"]
[BlackElo "2509"]
[EventDate "2013.12.14"]

1. d4 d5 2. c4 e6 3. Nc3 Nf6 4. cxd5 exd5 5. Bg5 c6 6. e3 Nbd7 7. Bd3 Be7 
8. Qc2 Nh5 9. Bxe7 Qxe7 10. O-O-O g6 11. Nf3 Nb6 12. h3 Ng7 13. Rhe1 Be6 
14. Kb1 O-O-O 15. Rc1 Kb8 16. Nd2 Bf5 17. Nb3 Bxd3 18. Qxd3 Nf5 19. Nc5 
Nd6 20. N3a4 Nbc4 21. b3 Na3+ 22. Kb2 Nab5 23. Nc3 Nxc3 24. Rxc3 Rhe8 25. 
Rec1 f5 26. R3c2 Rf8 27. a4 Rde8 28. Qd2 Ka8 29. g3 g5 30. Qb4 Ne4 31. a5 
a6 32. Qb6 Rc8 33. Nd3 Nd6 34. Qc5 Qc7 35. Ne5 Nb5 36. Qb4 f4 37. exf4 
gxf4 38. g4 Rfe8 39. f3 Nxd4 40. Nd3 Nxc2 41. Rxc2 Re3 42. Nxf4 Qe5+ 43. 
Ka2 c5 44. Rxc5 Rxc5 45. Qxc5 Qxf4 46. Qc8+ Ka7 47. Qc5+ Kb8 48. Ka3 Rxf3 
49. Qb6 Qc7 50. Qb4 d4 51. Qd2 Qc5+ 52. Ka2 Qc3 53. Qh2+ Ka7 54. Qg1 Qxb3+
0-1

[Event "SportAccord Rapid Women 2013"]
[Site "Beijing CHN"]
[Date "2013.12.13"]
[Round "7.1"]
[White "Dzagnidze, N"]
[Black "Gunina, V"]
[Result "0-1"]
[WhiteElo "2557"]
[BlackElo "2509"]
[EventDate "2013.12.12"]

1. d4 d5 2. c4 e6 3. Nc3 Nf6 4. cxd5 exd5 5. Bg5 c6 6. e3 Nbd7 7. Bd3 Be7 
8. Qc2 Nh5 9. Bxe7 Qxe7 10. Nge2 g6 11. Rb1 O-O 12. O-O Ndf6 13. b4 Be6 
14. b5 cxb5 15. Rxb5 Rac8 16. Qd2 b6 17. a4 Qd6 18. Rb2 Bd7 19. Nb5 Qb8 
20. Qb4 Rc6 21. Nbc3 Ng4 22. g3 Ngf6 23. Bb5 Rd6 24. Bxd7 Nxd7 25. a5 Ndf6
26. Na4 Qc7 27. axb6 axb6 28. Rc1 Qd7 29. Nxb6 Qh3 30. f3 Re6 31. Qd2 Rfe8
32. Rb3 g5 33. Na4 g4 34. f4 Ne4 35. Qe1 Rh6 36. Rc2 Nhf6 37. Nec3 Nd6 38.
 Nb6 Nf5 39. Nb5 Ne4 40. Nc7 Rb8 41. Ncxd5 Nexg3 42. Rg2 Ne4 43. Qb1 Re8 
44. Nd7 Nh4 45. Qc2 Nf3+ 46. Kf1 Nfd2+ 47. Kg1 Nxb3 48. Qxb3 Ra6 49. Qd1 
h5 50. Qf1 Rd6 51. N7b6 Red8 52. Qd3 Qf3 53. Ne7+ Kf8 54. Nec8 Rxd4 55. 
Qa3+ Kg7 0-1

[Event "TCh-CZE Extraliga 2013-14"]
[Site "Novy Bor CZE"]
[Date "2013.11.03"]
[Round "2.3"]
[White "Krejci, Jan2"]
[Black "Harikrishna, P"]
[Result "0-1"]
[WhiteElo "2527"]
[BlackElo "2704"]
[EventDate "2013.11.02"]

1. d4 Nf6 2. c4 e6 3. Nc3 d5 4. cxd5 exd5 5. Bg5 c6 6. e3 Bf5 7. Qf3 Bg6 
8. Bxf6 Qxf6 9. Qxf6 gxf6 10. h4 h5 11. Nge2 a5 12. Nf4 Bd6 13. g3 Nd7 14.
 a4 Nb6 15. Kd2 Ke7 16. b3 Nc8 17. Bh3 Bxf4 18. gxf4 Nd6 19. Ne2 Be4 20. 
Rhg1 Ra6 21. Ng3 Rb6 22. Kc3 Rb4 23. Rgf1 Rg8 24. Rfc1 Rb8 25. Bf1 b6 26. 
Kd2 Rxb3 27. Rxc6 Rb2+ 28. Ke1 Bc2 29. Bh3 Bb3 30. Rc7+ Kf8 31. Nxh5 Ne8 
32. Ra7 Bc4 33. Ng3 Nd6 34. Rd7 Ne4 35. Nxe4 dxe4 36. Rc1 b5 37. Bg4 f5 
38. Bxf5 Re2+ 39. Kd1 Rxf2 40. Bxe4 Rf1+ 41. Kd2 Rf2+ 42. Kd1 Rc8 43. Bd3 
Bb3+ 44. Ke1 Rxc1+ 45. Kxf2 bxa4 46. f5 f6 47. Rb7 a3 48. Rxb3 a2 49. Ra3 
a1=Q 50. Rxa1 Rxa1 51. Ke2 a4 52. Kd2 a3 53. Kc2 a2 0-1

[Event "TCh-MNE Prem 2013"]
[Site "Cetinje MNE"]
[Date "2013.06.25"]
[Round "2.2"]
[White "Indjic, A"]
[Black "Blagojevic, Dr"]
[Result "0-1"]
[WhiteElo "2536"]
[BlackElo "2524"]
[EventDate "2013.06.24"]

1. d4 d5 2. c4 e6 3. Nc3 c6 4. Nf3 Nf6 5. Bg5 Nbd7 6. cxd5 exd5 7. e3 Be7 
8. Bd3 Ne4 9. Bf4 Ndf6 10. Qc2 O-O 11. Ne5 Be6 12. f3 Nxc3 13. bxc3 c5 14.
 Rb1 Qc8 15. g4 c4 16. Be2 Ne8 17. g5 Nd6 18. e4 b5 19. h4 Qb7 20. h5 dxe4
21. g6 fxg6 22. hxg6 h6 23. Qd2 Nf5 24. Rh5 Rac8 25. Kf2 Bh4+ 26. Kg2 Bd5 
27. Rh1 exf3+ 28. Bxf3 Bxf3+ 29. Nxf3 Bg5 30. Bxg5 Nh4+ 31. R1xh4 Qxf3+ 
32. Kh2 Rce8 33. Be7 Rxe7 34. Re5 Rxe5 35. dxe5 Qf1 36. Qd5+ Kh8 37. Rg4 
Rf2+ 38. Rg2 Rxg2+ 39. Qxg2 Qxg2+ 0-1

[Event "TCh-ROU 2013"]
[Site "Mamaia ROU"]
[Date "2013.08.31"]
[Round "1.2"]
[White "Miron, L"]
[Black "Berkes, F"]
[Result "0-1"]
[WhiteElo "2532"]
[BlackElo "2678"]
[EventDate "2013.08.31"]

1. d4 d5 2. c4 e6 3. Nc3 Be7 4. Nf3 Nf6 5. cxd5 exd5 6. Bg5 c6 7. e3 Bf5 
8. Bxf6 Bxf6 9. Bd3 Be6 10. Qc2 Nd7 11. h3 g6 12. O-O O-O 13. b4 a5 14. a3
Be7 15. b5 c5 16. dxc5 Nxc5 17. Na4 Nd7 18. Rfc1 Bd6 19. Nd4 Ne5 20. Qb3 
Qe7 21. Bf1 Rac8 22. Rd1 Rfd8 23. Nc3 Bc5 24. Na4 Ba7 25. Rac1 Qd6 26. Rc3
Bb8 27. f4 Nd7 28. Rdc1 Rxc3 29. Qxc3 Re8 30. Qb3 Qe7 31. b6 Bd6 32. Bb5 
Rd8 33. Bxd7 Bxd7 34. Nb2 a4 0-1

[Event "Talking Chess Match Classical"]
[Site "Tehran IRI"]
[Date "2013.03.09"]
[Round "1"]
[White "Short, N"]
[Black "Ghaem Maghami, E"]
[Result "1-0"]
[WhiteElo "2697"]
[BlackElo "2568"]
[EventDate "2013.03.09"]

1. d4 Nf6 2. c4 e6 3. Nc3 Bb4 4. e3 O-O 5. Bd3 d5 6. cxd5 exd5 7. Ne2 c6 
8. Bd2 Re8 9. O-O Nbd7 10. h3 Nf8 11. Qc2 Ne6 12. Rad1 Bd6 13. Bc1 Bc7 14.
 f4 Qd6 15. Ng3 Nf8 16. Qf2 Bd7 17. Rfe1 Rad8 18. a3 Bc8 19. b4 a6 20. Nf5
Bxf5 21. Bxf5 N8d7 22. g4 Nb6 23. Qg2 Qe7 24. g5 Ne4 25. Nxe4 dxe4 26. h4 
Nd5 27. Bd2 g6 28. Bh3 f6 29. gxf6 Qxf6 30. Qg5 Kg7 31. Re2 h6 32. Qxf6+ 
Kxf6 33. Rc1 Kf7 34. Bf1 g5 35. fxg5 hxg5 36. Rf2+ Ke7 37. hxg5 Rg8 38. 
Rf5 Rdf8 39. Rxd5 Bg3 40. Be1 cxd5 41. Bxg3 Rxg5 42. Kh2 Rh8+ 43. Bh3 Rgh5
44. Rc7+ Kd8 45. Rc8+ Ke7 46. Rxh8 Rxh8 47. Bf4 Rg8 48. a4 Rg6 49. b5 axb5
50. axb5 Rb6 51. Bf1 Rg6 52. Be2 Rg8 53. b6 Rg6 54. Bc7 Kd7 55. Bb5+ Kc8 
56. Bf1 Kd7 57. Bb5+ Kc8 58. Be2 Kd7 59. Bd1 Ke7 60. Bb3 Ke6 61. Ba4 Ke7 
62. Bb5 1-0

[Event "Talking Chess Match Classical"]
[Site "Tehran IRI"]
[Date "2013.03.10"]
[Round "3"]
[White "Short, N"]
[Black "Ghaem Maghami, E"]
[Result "1-0"]
[WhiteElo "2697"]
[BlackElo "2568"]
[EventDate "2013.03.09"]

1. c4 Nf6 2. Nc3 e6 3. Nf3 d5 4. d4 Be7 5. Bg5 O-O 6. Qc2 Nbd7 7. cxd5 
exd5 8. e3 c6 9. Bd3 Re8 10. O-O Nf8 11. Rab1 Ne4 12. Bxe7 Qxe7 13. Bxe4 
dxe4 14. Nd2 f5 15. d5 Rd8 16. dxc6 bxc6 17. Nc4 Be6 18. Ne2 c5 19. Nf4 
Bf7 20. b3 Nd7 21. Qc3 Nb6 22. Ne5 Nd5 23. Qb2 Nxf4 24. exf4 Qd6 25. Rfc1 
Rac8 26. g3 Qd4 27. Qe2 Qd2 28. Kf1 Rd6 29. h3 Be6 30. Rc2 Qxe2+ 31. Kxe2 
Kf8 32. Rbc1 Ra6 33. g4 Ke7 34. Ke3 Rc7 35. gxf5 Bxf5 36. h4 Kf6 37. Rd2 
Ke7 38. Rg1 g6 39. Rc1 Rc8 40. Rc3 Kf6 41. Rdc2 Be6 42. b4 Bxa2 43. Nd7+ 
1-0